000 00594nam a22002417a 4500
003 UA-OsUOA
001 81403
007 ta
008 20120127b un ||||| |||| 00| 0 ukr d
100 _aВороний М.К.
090 _a821.161.2
_bВ75
942 _cBK
040 _aUA-OsUOA
_bukr
_cUA-OsUOA
_dUA-OsUOA
245 _aТвори
300 _a687 с.
955 _a3
041 _aukr
080 _a821.161.2
020 _a5-308-00361-0
260 _aК.
_bДніпро
_c1989
650 7 _a82 Література. Літературознавство
_2UDC
999 _c367706
_d367706